000 00639nam a2200217Ia 4500
003 OSt
005 20220928135738.0
006 a|||||r|||| 00| 0
007 ta
008 220927b |||||||| |||| 00| 0 eng d
024 _a4759
037 _cTextual
040 _aSDCL
_cSDCL
_beng
041 _2eng
_aeng
082 _aX:54-75.1(X)'N8, M2
100 _aKostecki M M Ed.
_9492744
245 0 _aState trading in International markets
_b Theory and practice of industrialized and developing countries
260 _c1982
942 _hX:54-75.1(X)'N8, M2
_cTEXL
_2CC
999 _c808392
_d808392